000 00440nam a2200133 a 4500
001 000037773
005 20201002031119.0
008 130306s1999 sp a 000 0 spa d
040 _aDO-SdBNP
_bspa
_cBNPHU
100 1 _aAgúndez García, José Antonio
_964223
245 1 0 _a10 happenings de wolf vostell /
_cJosé Antonio Agúndez García.
260 _aEspaña :
_bEditora Regional de Extremadura ,
_c1999.
300 _a376 p. :
_bil. ;
_c24 cm.
999 _c37263
_d37263